Metalurgia i Odlewnictwo.
Uložené v:
| Médium: | Časopis |
|---|---|
| Jazyk: | Polish |
| Vydané: |
Kraków :
Wydawnictwo Naukowe PWN,
1975-1992.
|
| Tagy: |
Pridať tag
Žiadne tagy, Buďte prvý kto otaguje tento záznam!
|
Titul je dostupný aj v ... 

MARC
| LEADER | 00000nas a2200000 a 4500 | ||
|---|---|---|---|
| 001 | 000308708 | ||
| 003 | SVKK | ||
| 005 | 20230921141842.0 | ||
| 008 | 021125d19751992pl qr|p||| |0 a0pol | ||
| 022 | |a 0137-6535 | ||
| 040 | |a KE001 |b slo |e AACR2 | ||
| 041 | 0 | |a pol | |
| 044 | |a pl |c PL | ||
| 210 | 1 | |a Metal. Odlew. | |
| 222 | 0 | |a Metalurgia i Odlewnictwo | |
| 245 | 0 | 0 | |a Metalurgia i Odlewnictwo. |
| 260 | |a Kraków : |b Wydawnictwo Naukowe PWN, |c 1975-1992. | ||
| 310 | |a 4x ročne | ||
| 362 | 0 | |a [Rocz. 16, Nr.2,4 (1990) - rocz. 18, Nr. 2 (1992)] | |
| 910 | |a KE001 |b B.4245 | ||
| 998 | |a SE | ||
| 090 | |g CASOS |k Sklad |a B.4245 |j 178577 |i 2721027282 |s Zviazaný časopis | ||
| 090 | |g CASOS |k Sklad |a B.4245 |j 178578 |i 2721027283 |s Zviazaný časopis | ||
| 090 | |g CASOS |k Sklad |a B.4245 |j 178579 |i 2721027284 |s Zviazaný časopis | ||